000 00657nab a2200181 4500
001 244442
003 OSt
005 20231011092421.0
007 tu
008 200917s2020|||||||
040 _aDE-2950
_cDE-2950
245 0 0 _aBesonderer Schutzstatus für die Schmeißereiche
_bPlakette. Stürme, Blitzeinschläge und 'Brandstiftung hat der älteste Baum im Lennépark von Frankfurt schon überstanden. Jetzt ist er als Naturdenkmal eingetragen/
_cThomas Gutke
264 _c2023
653 _aFrankfurt (Oder)
653 _aSchmeißereiche
773 0 _g34. Jahrgang (2023) Nr. 236 vom 10.10.2023, S. 13, mit Foto
_tMärkische Oderzeitung
942 _2z
_cA
999 _c372763
_d372763